CHIO-Gewinner - Statistiken

Allgemein
  • Dieses Quiz wurde 10 mal gespielt
  • Das Durchschnittsergebnis liegt bei 10 aus 23
Antwortstatistiken
Hint Antwort % Korrekt
2003 Ludger Beerbaum
100%
2002 Ludger Beerbaum
100%
2023 Marcus Ehning
100%
2018 Marcus Ehning
100%
2006 Marcus Ehning
100%
2005 Meredith Michaels-Beerbaum
100%
2021 Daniel Deußer
75%
2022 Gerrit Nieberg
75%
2014 Christian Ahlmann
38%
2011 Janne-Friederike Meyer
38%
2000 Otto Becker
25%
2016 Philipp Weishaupt
25%
2015 Scott Brash
25%
2008 Albert Zoer
13%
2007 Beezie Madden
13%
2009 Denis Lynch
13%
2010 Eric Lamaze
13%
2017 Gregory Wathelet
13%
2001 Jeroen Dubbeldam
13%
2019 Kent Farrington
13%
2004 Markus Fuchs
13%
2012 Michael Whitaker
13%
2013 Nick Skelton
13%
Keine übereinstimmenden Quizze gefunden
Verteilung der Resultate
Anzahl Personen mit jedem Resultat
Perzentil nach korrekt beantworteten Fragen
Ihre Resultats-Entwicklung
Sie haben dieses Quiz noch nicht gespielt